Top 100 Funniest American Movies - Statistics

General Stats
  • This quiz has been taken 107 times
  • The average score is 18 of 100
Answer Stats
Rank Film Director Year % Correct
6. Blazing Saddles Mel Brooks 1974
74%
4. Annie Hall Woody Allen 1977
69%
13. Young Frankenstein Mel Brooks 1974
64%
1. Some Like It Hot Billy Wilder 1959
62%
28. Ghostbusters Ivan Reitman 1984
54%
10. Airplane! Jim Abrahams, David Zucker, Jerry Zucker 1980
50%
3. Dr. Strangelove or: How I Learned to Stop Worrying and Love the Bomb Stanley Kubrick 1964
46%
71. Caddyshack Harold Ramis 1980
42%
93. Fargo Joel Coen, Ethan Coen 1996
42%
33. Modern Times Charlie Chaplin 1936
42%
11. The Producers Mel Brooks 1968
41%
38. City Lights Charlie Chaplin 1931
38%
2. Tootsie Sydney Pollack 1982
38%
20. The Apartment Billy Wilder 1960
36%
43. American Graffiti George Lucas 1973
35%
34. Groundhog Day Harold Ramis 1993
34%
18. The General Clyde Bruckman, Buster Keaton 1927
34%
9. The Graduate Mike Nichols 1967
34%
37. The Great Dictator Charlie Chaplin 1940
34%
23. When Harry Met Sally... Rob Reiner 1989
34%
46. Manhattan Woody Allen 1979
32%
29. This Is Spinal Tap Rob Reiner 1984
32%
42. Big Penny Marshall 1988
31%
5. Duck Soup Leo McCarey 1933
31%
16. Singin' in the Rain Gene Kelly, Stanley Donen 1952
31%
14. Bringing Up Baby Howard Hawks 1938
28%
36. National Lampoon's Animal House John Landis 1978
28%
80. Sleeper Woody Allen 1973
28%
25. The Gold Rush Charlie Chaplin 1925
28%
27. There's Something About Mary Peter Farrelly, Robert Farrelly 1998
28%
8. It Happened One Night Frank Capra 1934
27%
7. MASH Robert Altman 1970
27%
88. Beetlejuice Tim Burton 1988
26%
12. A Night at the Opera Sam Wood 1935
24%
31. Raising Arizona Joel Coen, Ethan Coen 1987
24%
69. Bananas Woody Allen 1971
23%
21. A Fish Called Wanda Charles Crichton 1988
18%
87. Fast Times at Ridgemont High Amy Heckerling 1982
18%
89. The Jerk Carl Reiner 1979
18%
15. The Philadelphia Story George Cukor 1940
18%
41. Moonstruck Norman Jewison 1987
16%
64. Broadcast News James L. Brooks 1987
15%
57. Diner Barry Levinson 1982
15%
19. His Girl Friday Howard Hawks 1940
15%
39. Sullivan's Travels Preston Sturges 1941
14%
45. Harold and Maude Hal Ashby 1971
12%
99. The Nutty Professor Jerry Lewis 1963
12%
53. Arthur Steve Gordon 1981
11%
35. Harvey Henry Koster 1950
11%
67. Mrs. Doubtfire Chris Columbus 1993
11%
66. Take the Money and Run Woody Allen 1969
11%
51. The Seven Year Itch Billy Wilder 1955
11%
76. Victor Victoria Blake Edwards 1982
11%
59. A Day at the Races Sam Wood 1937
9%
26. Being There Hal Ashby 1979
9%
100. Good Morning, Vietnam Barry Levinson 1987
9%
65. Horse Feathers Norman Z. McLeod 1932
9%
62. Sherlock, Jr. Buster Keaton 1924
9%
68. The Awful Truth Leo McCarey 1937
9%
55. The Lady Eve Preston Sturges 1941
9%
17. The Odd Couple Gene Saks 1968
9%
49. To Be or Not to Be Ernst Lubitsch 1942
9%
22. Adam's Rib George Cukor 1949
8%
63. Beverly Hills Cop Martin Brest 1984
8%
70. Mr. Deeds Goes to Town Frank Capra 1936
8%
30. Arsenic and Old Lace Frank Capra 1944
7%
48. A Shot in the Dark Blake Edwards 1964
7%
40. It's a Mad, Mad, Mad, Mad World Stanley Kramer 1963
7%
84. Lost in America Albert Brooks 1985
7%
73. Monkey Business Norman Z. McLeod 1931
7%
44. My Man Godfrey Gregory La Cava 1936
7%
47. Shampoo Hal Ashby 1975
7%
61. What's Up, Doc? Peter Bogdanovich 1972
7%
90. Woman of the Year George Stevens 1942
7%
24. Born Yesterday George Cukor 1950
5%
52. Ninotchka Ernst Lubitsch 1939
5%
82. Private Benjamin Howard Zieff 1980
5%
32. The Thin Man W. S. Van Dyke 1934
5%
74. 9 to 5 Colin Higgins 1980
4%
97. Bull Durham Ron Shelton 1988
4%
72. Mr. Blandings Builds His Dream House H. C. Potter 1948
4%
95. Silver Streak Arthur Hiller 1976
4%
81. The Navigator Buster Keaton, Donald Crisp 1924
4%
92. Ball of Fire Howard Hawks 1941
3%
86. City Slickers Ron Underwood 1991
3%
58. It's a Gift Norman Z. McLeod 1934
3%
78. Road to Morocco David Butler 1942
3%
77. The Palm Beach Story Preston Sturges 1942
3%
56. Abbott and Costello Meet Frankenstein Charles Barton 1948
1%
50. Cat Ballou Elliot Silverstein 1965
1%
85. Dinner at Eight George Cukor 1933
1%
83. Father of the Bride Vincente Minnelli 1950
1%
75. She Done Him Wrong Lowell Sherman 1933
1%
96. Sons of the Desert William A. Seiter 1933
1%
98. The Court Jester Melvin Frank, Norman Panama 1956
1%
79. The Freshman Fred C. Newmeyer, Sam Taylor 1925
1%
91. The Heartbreak Kid Elaine May 1972
1%
54. The Miracle of Morgan's Creek Preston Sturges 1944
1%
60. Topper Norman Z. McLeod 1937
1%
94. Auntie Mame Morton DaCosta 1958
0%
No matching quizzes found
Score Distribution
Percent of People with Each Score
Percentile by Number Answered
Your Score History
You have not taken this quiz